Sanat - "Arvaatkos" - Statistics

Yleistilastot
  • Tätä visaa on pelattu 3 kertaa
  • Keskiarvotulos 35 / 179
Vastaustilastot
Vastaus % Oikein
arvaatkos
67%
jo
67%
mikä
67%
sen
67%
arvasit
33%
ehkä
33%
en
33%
häntä
33%
haukka
33%
hiirien
33%
hirmuinen
33%
huomasit
33%
ja
33%
jos
33%
juoksen
33%
käärmeenpoikanen
33%
kaikki
33%
kainaloon
33%
kanat
33%
kanssa
33%
käpälä
33%
kaula
33%
kissanpoikanen
33%
komea
33%
komentoon
33%
korkea
33%
kukko
33%
kuluu
33%
laitan
33%
leikkien
33%
33%
Nenännypykkä
33%
olen
33%
Olen
33%
oon
33%
pään
33%
painan
33%
päivät
33%
pehmeä
33%
pehmeään
33%
piiloon
33%
pikku
33%
pystyssä
33%
33%
sihisen
33%
sitten
33%
syliin
33%
turkki
33%
vähän
33%
aamulla
0%
aina
0%
astelen
0%
aurinkoon
0%
avulla
0%
hallitsen
0%
heltta
0%
herään
0%
herätyksen
0%
hiljaa
0%
hymyile
0%
hyvän
0%
ilman
0%
ilmojen
0%
jäät
0%
jalkoja
0%
Joskus
0%
jyväsen
0%
kaarran
0%
katson
0%
katsoo
0%
kermaa
0%
ketään
0%
kiekaisen
0%
kieli
0%
Kiemurtelen
0%
kiven
0%
kohta
0%
koiria
0%
kolossa
0%
korkeella
0%
Kun
0%
kuningas
0%
kurvailen
0%
kuulee
0%
kyöräilen
0%
laajana
0%
lain
0%
Lennän
0%
lennän
0%
liidot
0%
Liikun
0%
lipoen
0%
maastossa
0%
meen
0%
minä
0%
minut
0%
minuun
0%
näät
0%
nauun
0%
niitä
0%
nokin
0%
nukkumaan
0%
paikoillesi
0%
peläten
0%
pelkää
0%
pesän
0%
pienen
0%
piilossa
0%
puuhun
0%
ruuan
0%
saaliiseen
0%
saan
0%
saavat
0%
sammakkoon
0%
sekä
0%
sihahtelen
0%
siitä
0%
siivet
0%
silakkaa
0%
suureen
0%
syö
0%
syöksyn
0%
taas
0%
tässä
0%
teen
0%
tuulen
0%
uljaat
0%
upea
0%
vaan
0%
vaanin
0%
vähäsen
0%
vaikka
0%
vain
0%
vihainen
0%
ylpeänä
0%
Ehtoja vastaavia visoja ei löytynyt
Tulosjakauma
Jokaisen tuloksen saaneiden osuus
Persentiili vastausten määrän mukaan
Tuloshistoriasi
Et ole pelannut tätä visaa